000 01711nam a2200289 i 4500
999 _c65238
_d65238
001 768714001
003 CO-MdFUSB
005 20191021165555.0
008 190923t201/ pe d|||| |||| 00| 0 spa d
020 _a9786124252242
040 _aCO-MdFUSB
_bspa
_cCO-MdFUSB
_dCO-MdFUSBC
_erda
041 _aspa
082 _223
_aG 251.01
_bC532
100 _aChiang, Alex.
_eautor
245 1 _aCómo enseñar a predicar :
_bmanual de formación para capacitadores en exposición bíblica.
_c/ Alex Chiang.
264 1 _aPerú :
_bEdiciones Puma,
_c[2018]
264 4 _c© 2018
300 _a121 páginas
_c; 21 cm
336 _2rdacontent
_atexto
_btxt
337 _2rdamedia
_asin mediación
_bn
338 _2rdacarrier
_avolumen
_bnc
505 _aLa predicación: bases bíblicas, convicciones teológicas y perspectiva histórica. -- La predicación: cómo formó Jesús a sus primeros seguidores. -- La predicación: desarrollando buenas prácticas de enseñanza- aprendizaje. -- La predicación: "Las escuelitas de predicadores" y los "Encuentros anuales de predicación. -- La predicación: El uso de talleres en la enseñanza de la predicación. Anexo 1: Glosario. -- Anexo 2: El uso de las traducciones, revisiones y versiones de la Biblia en la predicación y formación de predicadores. -- Anexo 3: Presentando a la Sociedad Langham. -- Anexo 4: El carácter distintivo de Lagham predicación. -- Anexo 5: El reino, el Espíritu y la palabra: haciendo teología desde América Latina. -- Libros recomendados en español sobre exégesis, hermenéutica y homilética. -- Orar la Palabra para vivir la Palabra.
563 _aRústico
650 0 _954
_aPredicación
942 _cBK
945 _aJTF-925